01192 2200349 4500001002100000005001500021035002000036007000300056008004100059336002100100337002300121338003800144100002800182245009300210300003100303082001700334084001900351264002800370500006900398538007600467650001600543850001200559852002000571856007600591040002200667020002200689700003300711700002700744440002700771990002200798990002200820INLIS00000000086283320210726093657 a0010-0721001068ta210712t2014 jkia cs 1 ind d 2rdacontentateks 2rdamediaakomputer 2rdacarrierasumber sambung jaring3 aYovita Siswatiepenulis10aMisteri kota tua /cYovita Siswati; penyunting, Pradikha Bestari; ilustrator, Indra Bayu a1 berkas komputer (5,5 MB)04223a899.2213 a899.2213 YOV m31aJakarta :bKiddo,c2014 aUntuk mengakses buku ini silakan unduh aplikasi http://ijogja.id aAndroid : versi 4.0 atau di atasnya, memori 1 GB, layar tampilan 4-inch 4aFiksi horor aYOPDYOG8 aaplikasi iJogja40nPerpustakaan Digital iJogjauhttp://ijogja.id /publications/books/14253 aYOPDYOGbinderda a978-979-91-0671-10 aPradikha Bestariepenyunting0 aIndra Bayueilustrator aSeri Misteri Favorit 2 a002081-EPD/B.2016 a002082-EPD/B.2016